000 00959cam a2200205 4500
001 WS123993
008 031023n 000 0 eng u
035 _a(Sirsi) u123993
110 _aDepartment of Transport
_91172
245 _aHome Zones Challenge
520 _aWeb site set up by the UK Department of Transport to promote the idea of Home Zones, residential streets in which the road space is shared by drivers and other road users with the wider needs of residents. Includes details of the schemes already set up searchable by region, guidance on how to establish a Home Zone, news and details of relevant legislation.
650 _aHOME ZONES
650 _aTRAFFIC CALMING
650 _aPEDESTRIANISATION
650 _aTRANSPORT ACT 2000
650 _aRESIDENTIAL AREAS
690 _aTRANSPORT AND COMMUNICATIONS
856 4 0 _uhttps://www.homezoneschallenge.com
_zView the website free of charge at www.homezoneschallenge.com...
942 _n0
999 _c120329
_d120329